Catálogo

LOS GIGANTES (Registro nro. 20635)

Detalles MARC
000 -LEADER
fixed length control field 00458nam a2200181 a 4500
001 - CONTROL NUMBER
control field 20635
005 - DATE AND TIME OF LATEST TRANSACTION
control field 20230414123559.0
008 - FIXED-LENGTH DATA ELEMENTS--GENERAL INFORMATION
fixed length control field 140415s1972 000 0 spa d
041 ## - LANGUAGE CODE
Language code of text/sound track or separate title spa
082 ## - DEWEY DECIMAL CLASSIFICATION NUMBER
Classification number 928
Item number TOL
100 1# - MAIN ENTRY--PERSONAL NAME
Personal name TOLSTOI, LEON
245 14 - TITLE STATEMENT
Title LOS GIGANTES
260 ## - PUBLICATION, DISTRIBUTION, ETC.
Place of publication, distribution, etc. [s.l.] :
Name of publisher, distributor, etc. PRENSA ESPAÑOLA,
Date of publication, distribution, etc. 1972
300 ## - PHYSICAL DESCRIPTION
Extent 134
490 ## - SERIES STATEMENT
Series statement LOS GIGANTES: LA NUEVA BIBLIOTECA PARA TODOS
Volume/sequential designation 20
650 14 - SUBJECT ADDED ENTRY--TOPICAL TERM
Topical term or geographic name entry element AUTORES
700 1# - ADDED ENTRY--PERSONAL NAME
Personal name GONGORA, RAFAEL DE
Relator term tr.
Existencias
Withdrawn status Lost status Source of classification or shelving scheme Damaged status Not for loan Collection code Home library Current library Shelving location Date acquired Source of acquisition Inventory number Total Checkouts Full call number Barcode Date last seen Date last checked out Price effective from Koha item type
    Dewey Decimal Classification     General Biblioteca Karol Wojtyla Biblioteca Karol Wojtyla Sala general 03/12/2013 Compra 151000000000000000036168 3 928 TOL 40537 05/01/2026 09/10/2023 03/12/2013 Libro